Die größte Stadt aller Länder Europas ohne Hauptstädte - Statistiken

Allgemein
  • Dieses Quiz wurde 84 mal gespielt
  • Das Durchschnittsergebnis liegt bei 21 aus 42
Antwortstatistiken
Hint Antwort % Korrekt
Deutschland Hamburg
99%
Italien Mailand
96%
Niederlande Rotterdam
94%
Spanien Barcelona
93%
Russland St. Petersburg
92%
Portugal Porto
90%
Schweiz Zürich
88%
Vereinigtes Königreich Birmingham
86%
Frankreich Lyon
86%
Österreich Graz
85%
Polen Krakau
82%
Belgien Antwerpen
79%
Norwegen Bergen
76%
Schweden Göteborg
75%
Griechenland Thessaloniki
75%
Kroatien Split
63%
Tschechien Brünn
60%
Irland Cork
60%
Dänemark Aarhus
58%
Serbien Novi Sad
44%
Ukraine Charkiw
42%
Slowenien Maribor
39%
Ungarn Debrecen
38%
Litauen Kaunas
38%
Bulgarien Plowdiw
36%
Finnland Espoo
33%
Slowakei Košice
31%
Luxemburg Esch an der Alzette
29%
Rumänien Cluj-Napoca
26%
Moldawien Tiraspol
26%
Albanien Durrës
25%
Bosnien und Herzegowina Banja Luka
22%
Liechtenstein Schaan
19%
Estland Tartu
17%
Lettland Daugavpils
14%
Belarus Homel
14%
San Marino Serravalle
11%
Nordmazedonien Bitola
8%
Andorra Les Escaldes
7%
Montenegro Nikšić
7%
Island Kopavogur
6%
Malta Qormi
3%
Keine übereinstimmenden Quizze gefunden
Verteilung der Resultate
Anzahl Personen mit jedem Resultat
Perzentil nach korrekt beantworteten Fragen
Ihre Resultats-Entwicklung
Sie haben dieses Quiz noch nicht gespielt